Dva roky generálním tajemníkem

Podrobná bibliografia
Hlavný autor: Jakeš, Miloš, 1922-2020 (Autor)
Médium: Kniha
Jazyk:čeština
Fyzický popis:137, [25] s., [44] s. fotogr. príl. fotogr., obr. 21 cm
Vydavateľské údaje: Praha Regulus 1996
ISBN:8090156428
Edícia:Dokumenty sv. 1
Predmet:

MARC

LEADER 00000nam a2200000 a 4500
001 vtls001335912
003 SK-MaSNL
005 20260301160341.0
008 251113s1996 xr aa ra a cze
015 |a SNBZSA1998-00323 
020 |a 8090156428 
035 |a SNK000288891 
035 |a urn:nbn:sk:snk-amkhxa 
035 |a urn:nbn:sk:snk-am008gtb 
035 |a C1AFFB00-FD38-44C1-848A-A6416A3C7298 
040 |a SNK  |b slo  |c SNK  |e AACR2 
041 0 |a cze 
044 |a CZ 
080 |a 32-05(437)=850  |2 1981 
080 |a 323(437)(091)=850  |2 1981 
100 1 |a Jakeš, Miloš,  |d 1922-2020  |4 aut  |9 197851 
245 1 0 |a Dva roky generálním tajemníkem  |c Miloš Jakeš 
260 |a Praha  |b Regulus  |c 1996 
300 |a 137, [25] s., [44] s. fotogr. príl.  |b fotogr., obr.  |c 21 cm 
490 1 |a Dokumenty  |v sv. 1 
500 |a Podpis autora 
500 |a Fotogr. na front. 
600 1 |a Jakeš, Miloš,  |d 1922-2020  |2 SNK  |9 197851 
655 7 |a biografie  |2 SNK  |9 27965 
810 2 |a Regulus, Praha, Česká republika  |t Dokumenty  |9 521777 
919 |a 80-901564-2-8 
958 |a OND 
958 |a ZS 
958 |a TL 
958 |a BC 
958 |a CZ 
999 |c 805049  |d 806979 
952 |t P60, <03>, [BOOK], {603}  |a SNK  |b SNK  |y PREZ  |7 0  |p 17A0141186  |o snkSC 96293  |i snkV 867/98  |0 0  |1 0  |4 0  |d 1998-07-02  |f 1  |l 0  |r 2025-09-16 00:00:00  |w 2026-02-24